Pothuvijnanam: Thettum Sariyum (Record no. 112159)

MARC details
000 -LEADER
fixed length control field 00372nam a2200121Ia 4500
008 - FIXED-LENGTH DATA ELEMENTS--GENERAL INFORMATION
fixed length control field 211119s9999||||xx |||||||||||||| ||und||
082 ## - DEWEY DECIMAL CLASSIFICATION NUMBER
Classification number 153.4
Item number SUR-P
100 ## - MAIN ENTRY--PERSONAL NAME
Personal name Suresh Kumar, R C
245 #0 - TITLE STATEMENT
Title Pothuvijnanam: Thettum Sariyum
260 ## - PUBLICATION, DISTRIBUTION, ETC.
Name of publisher, distributor, etc. Mathrubhumi Books
Place of publication, distribution, etc. 2010
Date of publication, distribution, etc. Kottayam
650 ## - SUBJECT ADDED ENTRY--TOPICAL TERM
Topical term or geographic name entry element Economics
942 ## - ADDED ENTRY ELEMENTS (KOHA)
Koha item type BOOK
650 ## - SUBJECT ADDED ENTRY--TOPICAL TERM
Form subdivision Mental processes & intelligence
General subdivision PGR-GANDHIAN STUDIES
Holdings
Withdrawn status Lost status Damaged status Not for loan Home library Current library Date acquired Cost, normal purchase price Total Checkouts Full call number Barcode Shelving location Date last seen Price effective from Koha item type
        SB LIBRARY SB LIBRARY 19/11/2021 100.00   153.4 SUR-P 00125610 PGR-GANDHIAN STUDIES 19/11/2021 19/11/2021 BOOK

Powered by Koha